| 000 | 01524nam a22003617i 4500 | ||
|---|---|---|---|
| 003 | EG-ScBUE | ||
| 005 | 20221120064853.0 | ||
| 008 | 220731s1993 ua f b 000 0 ara d | ||
| 017 | _a1993 / 7754 | ||
| 020 | _a977239054X | ||
| 040 |
_aEG-ScBUE _bara _erda _cEG-ScBUE _dEG-ScBUE |
||
| 041 | 1 |
_aara _hfre |
|
| 082 | 0 | 4 |
_222 _a302.2 _bب ر و |
| 100 | 1 |
_aبروتون، فيليب، _d1951- _eمؤلف. |
|
| 240 | 1 | 0 |
_aL'Explosion de la communication la decouverte. _lArabic |
| 245 | 1 | 0 |
_aثورة الاتصال : _bنشأة أيديولوجية جديدة / _cتأليف فيليب بروتون، سيرج برو ؛ ترجمة هالة عبد الرؤوف مراد ؛ تقديم د. خليل صابات. |
| 264 | 1 |
_aالقاهرة : _bدار المستقبل العربي، _c1993. |
|
| 300 |
_a277 صفحة ؛ _c20 سم. |
||
| 336 |
_2rdacontent _aنص _btxt |
||
| 337 |
_2rdamedia _aبدون وسيط _bn |
||
| 338 |
_2rdacarrier _aمجلد _bnc |
||
| 490 | 0 | _aالمكتبة العالمية | |
| 504 | _aيشتمل على إرجاعات ببليوجرافية. | ||
| 541 | _aBook from store. | ||
| 546 | _aالنص باللغة العربية و تم ترجمته من اللغة الفرنسية. | ||
| 650 | 7 |
_aالاتصالات. _2BUEsh |
|
| 653 |
_bGGEN _cNovember2022 |
||
| 655 | _vReading book | ||
| 700 | 1 |
_aبرو، سيرج، _d1945- _eمؤلف. |
|
| 700 | 1 |
_aمراد، هالة عبد الرؤوف، _eمترجم. |
|
| 700 | 1 |
_aصابات، خليل، _eمقدم. |
|
| 942 | _2ddc | ||
| 999 |
_c29991 _d29962 |
||